1849 1209 1298 1154 1407 1954 1036 1182 1649 1192 1095 1647 1285 1775 1272 1738 1612 1124 1049 1653 1949 1249 1443 1363 1617 1080 1603 1163 1752 1492 1436 1145 1175 1959 1549 1681 1218 1483 1362 1754 1401 1690 1562 1893 1792 1338 1613 1277 1754 1013 1848 1801 1625 1728 1129 1966 1316 1533 1509 1192 1810 1528 1014 1212 1040 1071 1921 1955 1156 1532 1164 1816 1152 1359 1775 1962 1082 1007 1295 1866 1446 1224 1810 1911 1863 1252 1940 1507 1416 1754 1418 1775 1205 1598 1003 1836 1399 1815 1240 BCNSPRNW ULIB Ver.6.0+V

เปลี่ยนเป็นภาษาไทย

Change to English
 แสดงรายละเอียดบรรณานุกรม
  กลับหน้าหลัก

Brief Record : Get Marc (ISO 2709) : E-mail record : QR code < ปิดหน้าต่าง
LEADER : 00000nam 2200000uu 4500
001    13399110138
003     ULIB
008    110418s2549||||th 000 0 tha d
020    9789747489637
060 04 WJ378^bม174อ 2550
100 0  มนู ยุวศิริกุลชัย
245 00 อยู่กับไตวาย /^cมนู ยุวศิริกุลชัย
260    กรุงเทพฯ :^bใกล้หมอ,^c2549
300    104 หน้า
650  7 ไตวาย
945    ^p99^l0^i022543
995    ทศพร
999 ^a ใช้งานได้ทุกระบบ
รายการนี้ยังไม่มีแท็ก
คุณยังไม่ได้ล็อกอิน คุณสามารถมีกิจกรรมร่วมกับเว็บไซต์ได้ แต่ต้องล็อกอินก่อน ::
  ล็อกอิน

รายการสื่อสารสนเทศ

ลำดับที่ ประเภท เลขเรียก/บาร์โค้ด สถานที่ สถานะ
- ไม่พบข้อมูล -

รายการใกล้เคียง
    ผู้แต่ง [มนู ยุวศิริกุลชัย]

    หัวเรื่อง [ไตวาย]

BibComment


ยังไม่เคยถูกคอมเมนท์

คอมเมนท์ทรัพยากรรายการนี้
  คอมเมนท์: อยู่กับไตวาย มนู..


 Copyright 2026. Bcnsprnw @Library